|
|
|
|
| LEADER |
00000cas a2200000 a 4500 |
| 001 |
vtls008626465 |
| 003 |
SK-MaSNL |
| 005 |
20260228164107.0 |
| 008 |
060227d20032023xo ar 0 b0slo |
| 022 |
|
|
|a 1338-1717
|
| 040 |
|
|
|a SNK
|b slo
|c SNK
|d SVKBB
|d SAVUK
|e AACR2
|
| 041 |
0 |
|
|a slo
|
| 044 |
|
|
|a xo
|c SK
|
| 072 |
|
7 |
|a 27
|x Kresťanstvo. Kresťanská cirkev všeobecne. Ekleziológia
|2 konspekt
|
| 080 |
|
|
|a 27
|2 2011
|
| 080 |
|
|
|a 2(051)
|2 2011
|
| 080 |
|
|
|a 050
|2 2011
|
| 210 |
0 |
|
|a Víťaz. živ.
|
| 222 |
|
0 |
|a Víťazný život
|
| 245 |
0 |
0 |
|a Víťazný život
|b časopis pre všetkých kresťanov
|
| 260 |
|
|
|a Bratislava
|b Slovo života international Bratislava
|c 1999-2023,2025-
|
| 300 |
|
|
|a 20 zv.
|c 25-30 cm
|
| 310 |
|
|
|a 1x ročne
|b 2022-2023
|
| 310 |
|
|
|a príležitostne
|b 2025-
|
| 321 |
|
|
|a 4x ročne
|b 2003-2014
|
| 321 |
|
|
|a 3x ročne
|b 2015-2017
|
| 321 |
|
|
|a 2x ročne
|b 2018-2020
|
| 362 |
0 |
|
|a 2003-č. 1 (2023)
|
| 500 |
|
|
|a Od r. 2010 zmena formátu na 30 cm
|
| 500 |
|
|
|a Reg. číslo MK SR: 2646/2001 ; EV 3275/09
|
| 500 |
|
|
|a Zodpovedný redaktor: Peter Čuřík
|
| 500 |
|
|
|a Obsahuje články, svedectvá, reportáže, príbehy a oznamy o nových knihách a kresťanských podujatiach
|
| 515 |
|
|
|a V r. 2021 časopis nevydali
|
| 650 |
0 |
7 |
|a kresťanstvo
|2 SNKPH
|9 2024
|
| 655 |
|
7 |
|a náboženské časopisy
|2 SNKPH
|9 70790
|
| 700 |
1 |
|
|a Čuřík, Peter,
|d 1971-
|4 lso
|9 176398
|
| 852 |
|
|
|a Štátna vedecká knižnica v Banskej Bystrici
|
| 856 |
4 |
0 |
|u http://www.slovozivota.sk
|
| 910 |
|
|
|a snk
|
| 910 |
|
|
|a savuk
|
| 999 |
|
|
|c 12249
|d 14179
|
| 952 |
|
|
|0 0
|1 0
|4 0
|7 0
|8 0
|a SNK
|b SNK
|d 2024-12-09
|i snk2024/18227
|l 0
|o snkČSB 7184/19/2019 D1
|p 17A1524895
|r 2026-02-21 21:22:02
|t č. 1-2
|w 2026-02-21
|y PREZ
|
| 952 |
|
|
|0 0
|1 0
|4 0
|7 0
|8 0
|a SNK
|b SNK
|d 2024-12-09
|i snk2024/18230
|l 0
|o snkČSB 7184/20/2020
|p 17A1524896
|r 2026-02-21 21:22:02
|t č. 1-2
|w 2026-02-21
|y PREZ
|
| 952 |
|
|
|0 0
|1 0
|4 0
|7 0
|8 0
|a SNK
|b SNK
|d 2024-12-09
|i snk2024/18231
|l 0
|o snkČSB 7184/20/2020 D1
|p 17A1524897
|r 2026-02-21 21:22:02
|t č. 1-2
|w 2026-02-21
|y PREZ
|
| 952 |
|
|
|0 0
|1 0
|4 0
|7 0
|8 0
|a SNK
|b SNK
|d 2024-12-09
|i snk2024/18233
|l 0
|o snkČSB 7184/2022
|p 17A1524898
|r 2026-02-21 21:22:02
|t č. 1
|w 2026-02-21
|y PREZ
|
| 952 |
|
|
|0 0
|1 0
|4 0
|7 0
|8 0
|a SNK
|b SNK
|d 2024-12-09
|i snk2024/18235
|l 0
|o snkČSB 7184/2022 D1
|p 17A1524899
|r 2026-02-21 21:22:02
|t č. 1
|w 2026-02-21
|y PREZ
|
| 952 |
|
|
|0 0
|1 0
|4 0
|7 0
|8 0
|a SNK
|b SNK
|d 2024-12-09
|i snk2024/18237
|l 0
|o snkČSB 7184/2023
|p 17A1524900
|r 2026-02-21 21:22:02
|t č. 1
|w 2026-02-21
|y PREZ
|
| 952 |
|
|
|0 0
|1 0
|4 0
|7 0
|8 0
|a SNK
|b SNK
|d 2024-12-09
|i snk2024/18238
|l 0
|o snkČSB 7184/2023 D1
|p 17A1524901
|r 2026-02-21 21:22:02
|t č. 1
|w 2026-02-21
|y PREZ
|
| 952 |
|
|
|0 0
|1 0
|4 0
|7 0
|8 0
|a SNK
|b SNK
|d 2019-07-11
|i snk2019/18511
|l 0
|o snkČSB 7184/2003
|p 17A1368187
|r 2026-02-21 22:21:30
|t č. 1-4
|w 2026-02-21
|y PREZ
|
| 952 |
|
|
|0 0
|1 0
|4 0
|7 0
|8 0
|a SNK
|b SNK
|d 2019-07-11
|i snk2019/18514
|l 0
|o snkČSB 7184/2003 D1
|p 17A1368188
|r 2026-02-21 22:21:30
|t č. 1-4
|w 2026-02-21
|y PREZ
|
| 952 |
|
|
|0 0
|1 0
|4 0
|7 0
|8 0
|a SNK
|b SNK
|d 2019-07-11
|i snk2019/18516
|l 0
|o snkČSB 7184/2004
|p 17A1368189
|r 2026-02-21 22:21:30
|t č. 1-4
|w 2026-02-21
|y PREZ
|
| 952 |
|
|
|0 0
|1 0
|4 0
|7 0
|8 0
|a SNK
|b SNK
|d 2019-07-11
|i snk2019/18519
|l 0
|o snkČSB 7184/2004 D1
|p 17A1368190
|r 2026-02-21 22:21:30
|t č. 1-4
|w 2026-02-21
|y PREZ
|
| 952 |
|
|
|0 0
|1 0
|4 0
|7 0
|8 0
|a SNK
|b SNK
|d 2019-07-11
|i snk2019/18520
|l 0
|o snkČSB 7184/2005
|p 17A1368191
|r 2026-02-21 22:21:30
|t č. 1-4
|w 2026-02-21
|y PREZ
|
| 952 |
|
|
|0 0
|1 0
|4 0
|7 0
|8 0
|a SNK
|b SNK
|d 2019-07-11
|i snk2019/18521
|l 0
|o snkČSB 7184/2005 D1
|p 17A1368192
|r 2026-02-21 22:21:30
|t č. 1-4
|w 2026-02-21
|y PREZ
|
| 952 |
|
|
|0 0
|1 0
|4 0
|7 0
|8 0
|a SNK
|b SNK
|d 2019-07-11
|i snk2019/18527
|l 0
|o snkČSB 7184/2006
|p 17A1368193
|r 2026-02-21 22:21:30
|t č. 1-4
|w 2026-02-21
|y PREZ
|
| 952 |
|
|
|0 0
|1 0
|4 0
|7 0
|8 0
|a SNK
|b SNK
|d 2019-07-11
|i snk2019/18528
|l 0
|o snkČSB 7184/2006 D1
|p 17A1368194
|r 2026-02-21 22:21:30
|t č. 1-4
|w 2026-02-21
|y PREZ
|
| 952 |
|
|
|0 0
|1 0
|4 0
|7 0
|8 0
|a SNK
|b SNK
|d 2019-07-11
|i snk2019/18540
|l 0
|o snkČSB 7184/2007
|p 17A1368195
|r 2026-02-21 22:21:30
|t č. 1-4, neúplné
|w 2026-02-21
|y PREZ
|z Chýba č. 3
|
| 952 |
|
|
|0 0
|1 0
|4 0
|7 0
|8 0
|a SNK
|b SNK
|d 2019-07-11
|i snk2019/18542
|l 0
|o snkČSB 7184/2007 D1
|p 17A1368196
|r 2026-02-21 22:21:30
|t č. 1-4, neúplné
|w 2026-02-21
|y PREZ
|z Chýba č. 3
|
| 952 |
|
|
|0 0
|1 0
|4 0
|7 0
|8 0
|a SNK
|b SNK
|d 2019-07-12
|i snk2019/18584
|l 0
|o snkČSB 7184/2008
|p 17A1368197
|r 2026-02-21 22:21:31
|t č. 1-4
|w 2026-02-21
|y PREZ
|
| 952 |
|
|
|0 0
|1 0
|4 0
|7 0
|8 0
|a SNK
|b SNK
|d 2019-07-12
|i snk2019/18585
|l 0
|o snkČSB 7184/2008 D1
|p 17A1368198
|r 2026-02-21 22:21:31
|t č. 1-4
|w 2026-02-21
|y PREZ
|
| 952 |
|
|
|0 0
|1 0
|4 0
|7 0
|8 0
|a SNK
|b SNK
|d 2019-07-12
|i snk2019/18586
|l 0
|o snkČSB 7184/2009
|p 17A1368199
|r 2026-02-21 22:21:31
|t č. 1-4
|w 2026-02-21
|y PREZ
|
| 952 |
|
|
|0 0
|1 0
|4 0
|7 0
|8 0
|a SNK
|b SNK
|d 2019-07-12
|i snk2019/18587
|l 0
|o snkČSB 7184/2009 D1
|p 17A1368200
|r 2026-02-21 22:21:31
|t č. 1-4
|w 2026-02-21
|y PREZ
|
| 952 |
|
|
|0 0
|1 0
|4 0
|7 0
|8 0
|a SNK
|b SNK
|d 2019-07-12
|i snk2019/18592
|l 0
|o snkČSB 7184/2010
|p 17A1368201
|r 2026-02-21 22:21:31
|t č. 1-4
|w 2026-02-21
|y PREZ
|
| 952 |
|
|
|0 0
|1 0
|4 0
|7 0
|8 0
|a SNK
|b SNK
|d 2019-07-12
|i snk2019/18593
|l 0
|o snkČSB 7184/2010 D1
|p 17A1368202
|r 2026-02-21 22:21:31
|t č. 1-4
|w 2026-02-21
|y PREZ
|
| 952 |
|
|
|0 0
|1 0
|4 0
|7 0
|8 0
|a SNK
|b SNK
|d 2019-07-12
|i snk2019/18594
|l 0
|o snkČSB 7184/2011
|p 17A1368203
|r 2026-02-21 22:21:31
|t č. 1-4
|w 2026-02-21
|y PREZ
|
| 952 |
|
|
|0 0
|1 0
|4 0
|7 0
|8 0
|a SNK
|b SNK
|d 2019-07-12
|i snk2019/18595
|l 0
|o snkČSB 7184/2011 D1
|p 17A1368204
|r 2026-02-21 22:21:31
|t č. 1-4
|w 2026-02-21
|y PREZ
|
| 952 |
|
|
|0 0
|1 0
|4 0
|7 0
|8 0
|a SNK
|b SNK
|d 2019-07-12
|i snk2019/18598
|l 0
|o snkČSB 7184/2012
|p 17A1368205
|r 2026-02-21 22:21:32
|t č. 1-4
|w 2026-02-21
|y PREZ
|
| 952 |
|
|
|0 0
|1 0
|4 0
|7 0
|8 0
|a SNK
|b SNK
|d 2019-07-12
|i snk2019/18599
|l 0
|o snkČSB 7184/2012 D1
|p 17A1368206
|r 2026-02-21 22:21:32
|t č. 1-4
|w 2026-02-21
|y PREZ
|
| 952 |
|
|
|0 0
|1 0
|4 0
|7 0
|8 0
|a SNK
|b SNK
|d 2019-07-12
|i snk2019/18625
|l 0
|o snkČSB 7184/2013
|p 17A1368207
|r 2026-02-21 22:21:32
|t č. 1-4
|w 2026-02-21
|y PREZ
|
| 952 |
|
|
|0 0
|1 0
|4 0
|7 0
|8 0
|a SNK
|b SNK
|d 2019-07-12
|i snk2019/18628
|l 0
|o snkČSB 7184/2013 D1
|p 17A1368208
|r 2026-02-21 22:21:32
|t č. 1-4
|w 2026-02-21
|y PREZ
|
| 952 |
|
|
|0 0
|1 0
|4 0
|7 0
|8 0
|a SNK
|b SNK
|d 2019-07-12
|i snk2019/18630
|l 0
|o snkČSB 7184/2014
|p 17A1368209
|r 2026-02-21 22:21:32
|t č. 1-4
|w 2026-02-21
|y PREZ
|
| 952 |
|
|
|0 0
|1 0
|4 0
|7 0
|8 0
|a SNK
|b SNK
|d 2019-07-12
|i snk2019/18632
|l 0
|o snkČSB 7184/2014 D1
|p 17A1368210
|r 2026-02-21 22:21:32
|t č. 1-4
|w 2026-02-21
|y PREZ
|
| 952 |
|
|
|0 0
|1 0
|4 0
|7 0
|8 0
|a SNK
|b SNK
|d 2019-07-12
|i snk2019/18633
|l 0
|o snkČSB 7184/2015
|p 17A1368211
|r 2026-02-21 22:21:32
|t č. 1-3
|w 2026-02-21
|y PREZ
|
| 952 |
|
|
|0 0
|1 0
|4 0
|7 0
|8 0
|a SNK
|b SNK
|d 2019-07-12
|i snk2019/18636
|l 0
|o snkČSB 7184/2015 D1
|p 17A1368212
|r 2026-02-21 22:21:32
|t č. 1-3
|w 2026-02-21
|y PREZ
|
| 952 |
|
|
|0 0
|1 0
|4 0
|7 0
|8 0
|a SNK
|b SNK
|d 2019-07-12
|i snk2019/18639
|l 0
|o snkČSB 7184/2016
|p 17A1368213
|r 2026-02-21 22:21:32
|t č. 1-3
|w 2026-02-21
|y PREZ
|
| 952 |
|
|
|0 0
|1 0
|4 0
|7 0
|8 0
|a SNK
|b SNK
|d 2019-07-12
|i snk2019/18640
|l 0
|o snkČSB 7184/2016 D1
|p 17A1368214
|r 2026-02-21 22:21:32
|t č. 1-3
|w 2026-02-21
|y PREZ
|
| 952 |
|
|
|0 0
|1 0
|4 0
|7 0
|8 0
|a SNK
|b SNK
|d 2019-07-12
|i snk2019/18641
|l 0
|o snkČSB 7184/2017
|p 17A1368215
|r 2026-02-21 22:21:32
|t č. 1-3
|w 2026-02-21
|y PREZ
|
| 952 |
|
|
|0 0
|1 0
|4 0
|7 0
|8 0
|a SNK
|b SNK
|d 2019-07-12
|i snk2019/18643
|l 0
|o snkČSB 7184/2017 D1
|p 17A1368216
|r 2026-02-21 22:21:32
|t č. 1-3
|w 2026-02-21
|y PREZ
|
| 952 |
|
|
|0 0
|1 0
|4 0
|7 0
|8 0
|a SNK
|b SNK
|d 2019-07-12
|i snk2019/18647
|l 0
|o snkČSB 7184/2018
|p 17A1368217
|r 2026-02-21 22:21:39
|t č. 1-2
|w 2026-02-21
|y PREZ
|
| 952 |
|
|
|0 0
|1 0
|4 0
|7 0
|8 0
|a SNK
|b SNK
|d 2019-07-12
|i snk2019/18648
|l 0
|o snkČSB 7184/2018 D1
|p 17A1368218
|r 2026-02-21 22:21:39
|t č. 1-2
|w 2026-02-21
|y PREZ
|
| 952 |
|
|
|0 0
|1 0
|4 0
|7 0
|8 0
|a SNK
|b SNK
|d 2020-11-03
|i snk2020/20363
|l 0
|o snkČSB 7184/19/2019
|p 17A1432886
|r 2026-02-21 22:23:33
|t č. 1-2
|w 2026-02-21
|y PREZ
|